[Event "Balaguer op 14th"]
[Site "Balaguer"]
[Date "2009.07.14"]
[Round "2"]
[White "Puigpinos Font, Esteve"]
[Black "Subarroca Blanch, Francesco"]
[Result "1/2-1/2"]
[WhiteElo "1890"]
[BlackElo "1858"]
[PlyCount "20"]
[EventDate "2009.07.13"]
[EventType "swiss"]
[EventRounds "10"]
[EventCountry "ESP"]
[SourceTitle "CBM 131 Extra"]
[Source "ChessBase"]
[SourceDate "2009.09.03"]
[SourceVersion "2"]
[SourceVersionDate "2009.09.16"]
[SourceQuality "1"]

1. Nf3 c5 2. g3 Nc6 3. Bg2 e5 4. 0-0 Nf6 5. d3 d6 6. e4 Be6 7. c4 Qd7 8. Nc3 Bg4 9. Nd5 Nxd5 10. cxd5 Be7 1/2-1/2

[Event "Balaguer op 14th"]
[Site "Balaguer"]
[Date "2009.07.13"]
[Round "1"]
[White "Deepthamsh, Reddy M"]
[Black "Puigpinos Font, Esteve"]
[Result "1-0"]
[WhiteElo "2126"]
[BlackElo "1890"]
[PlyCount "73"]
[EventDate "2009.07.13"]
[EventType "swiss"]
[EventRounds "10"]
[EventCountry "ESP"]
[SourceTitle "CBM 131 Extra"]
[Source "ChessBase"]
[SourceDate "2009.09.03"]
[SourceVersion "2"]
[SourceVersionDate "2009.09.16"]
[SourceQuality "1"]

1. d4 Nf6 2. Nf3 g6 3. c4 Bg7 4. Nc3 0-0 5. Bg5 h6 6. Bh4 d6 7. e3 c5 8. Be2 Bf5 9. h3 a6 10. Qb3 Qc7 11. dxc5 dxc5 12. Bg3 Qc8 13. 0-0 Nbd7 14. Rfd1 Re8 15. Rac1 Ne4 16. Nxe4 Bxe4 17. a3 Bc6 18. Qc2 e5 19. b4 b6 20. Nd2 f5 21. Nb1 Qb7 22. Bf1 Nf6 23. Nc3 Ne4 24. Nxe4 Bxe4 25. Qb3 Qf7 26. f3 Bc6 27. bxc5 bxc5 28. Qb6 Ba4 29. Rd5 f4 30. exf4 exf4 31. Bf2 Re6 32. Qxc5 Bf8 33. Qa5 Bc6 34. Rd8 Rxd8 35. Qxd8 Kh7 36. c5 Bg7 37. Bc4 1-0